000 00683nam a22002057i 4500
999 _c23305
_d23305
003 AR-CdUCM
008 250528b20252025 pe||||| |||| 00| 0 spa d
020 _a978-612-49601-3-0
040 _aMUNICIPALIDAD PROVINCIAL DEL CUSCO
_cBIBLIOTECA MUNICIPAL DEL CUSCO
041 _hspa
082 _aEP / 807 / B95O
_bB95O
100 _aBustamante Quispe, Mario
_951181
245 _aLa otra maravilla :
_bOjotín y Goyo
260 _aCusco :
_bAutor-Editor
_c2025
300 _a64 páginas. :
_bIlustraciones
_c24x17 cm.
505 _aViaje al pasado -- Chaka Sábado -- Una flor de altura
856 _fwww.ojotincomic.blogspot.com
942 _2ddc
_cLIBROS
945 _apbjr
_d28-05-2025